Cane. (Record no. 10625)
[ view plain ]
| 000 -LEADER | |
|---|---|
| fixed length control field | 00489nam a22001932 4500 |
| 001 - CONTROL NUMBER | |
| control field | 0000002821 |
| 005 - DATE AND TIME OF LATEST TRANSACTION | |
| control field | 20151217154335.0 |
| 008 - FIXED-LENGTH DATA ELEMENTS--GENERAL INFORMATION | |
| fixed length control field | 070420s xx 000 0 eng d |
| 020 ## - INTERNATIONAL STANDARD BOOK NUMBER | |
| International Standard Book Number | 0871401045 : |
| 040 ## - CATALOGING SOURCE | |
| Original cataloging agency | KABU |
| Transcribing agency | KABU |
| 050 #0 - LIBRARY OF CONGRESS CALL NUMBER | |
| Classification number | PS3539 |
| Item number | .O56C36 |
| 100 1# - MAIN ENTRY--PERSONAL NAME | |
| Personal name | Toomer, Jean. |
| -- | 0000152333 |
| 245 10 - TITLE STATEMENT | |
| Title | Cane. |
| 260 ## - PUBLICATION, DISTRIBUTION, ETC. (IMPRINT) | |
| Place of publication, distribution, etc. | New York : |
| Name of publisher, distributor, etc. | Liveright, |
| Date of publication, distribution, etc. | 1975. |
| 300 ## - PHYSICAL DESCRIPTION | |
| Extent | xxv, 116 p. |
| 908 ## - PUT COMMAND PARAMETER (RLIN) | |
| Put command parameter | 070420 |
| 950 ## - LOCAL HOLDINGS (RLIN) | |
| -- | 1 |
| Withdrawn status | Lost status | Source of classification or shelving scheme | Not for loan | Home library | Current library | Date acquired | Total Checkouts | Full call number | Barcode | Date last seen | Date last checked out | Price effective from | Koha item type |
|---|---|---|---|---|---|---|---|---|---|---|---|---|---|
| Library of Congress Classification | Kabarak, Main Campus | Kabarak, Main Campus | 17/12/2015 | 4 | PS3539 .O56C36 | 004521 | 04/07/2018 | 18/06/2018 | 17/12/2015 | General Collection |